Stade Rennais ou FC Nantes ? Rivalités #1 - Statistiques

Statistiques générales
  • Ce quiz a été pris 1 252 fois
  • Le résultat moyen est 9 sur 12
Statistiques - réponses
Question Réponse % Correct
Lequel joue en rouge et noir ? Stade Rennais
99%
Lequel est le club formateur d’Ousmane Dembélé et d’Eduardo Camavinga ? Stade Rennais
99%
Qui a gagné le plus de championnats ? FC Nantes
96%
Lequel se situe dans le département numéro 35 ? Stade Rennais
96%
Lequel joue dans le stade anciennement appelé Stade de la route de Lorient ? Stade Rennais
95%
Lequel a déjà été coaché par Raymond Domenech ? FC Nantes
84%
Qui a gagné le plus de fois la Coupe de France ? FC Nantes
83%
Lequel a le plus de participations en coupe d’Europe ? FC Nantes
73%
Lequel est le plus ancien ? Stade Rennais
69%
Dans lequel a évolué Sylvain Wiltord ? Les deux
33%
Lequel a eu comme équipementier Adidas ? Les deux
27%
Lequel a l’hermine sur son logo ? FC Nantes
15%
Aucun quiz correspondant
Distribution des résultats
% des personnes avec chaque résultat
Percentile par nombre de réponses
Votre historique - résultats
Vous n’avez pas pris ce quiz